Countries with Roman Amphitheatres - Statistics

General Stats
  • This quiz has been taken 42 times
  • The average score is 23 of 25
Answer Stats
Number Answer % Correct
3 Germany
100%
2 Greece
100%
98 Italy
100%
10 Spain
100%
35 France
97%
3 Portugal
97%
2 Turkey
97%
5 Algeria
95%
4 Austria
95%
3 Croatia
95%
36 Tunisia
95%
1 Morocco
92%
3 Romania
92%
6 Switzerland
92%
21 United Kingdom
92%
4 Bulgaria
89%
1 Syria
89%
1 Albania
87%
3 Israel
87%
1 Lebanon
87%
4 Libya
87%
1 Serbia
87%
3 Hungary
84%
1 Netherlands
71%
2 Cyprus
68%
No matching quizzes found
Score Distribution
Percent of People with Each Score
Percentile by Number Answered
Your Score History
You have not taken this quiz